| 000 | 00461nam a2200121 a 4500 | ||
|---|---|---|---|
| 008 | 120416s2003 ||||||||||||||||| || u | ||
| 050 | _aIBRD(08)WP | ||
| 100 | _aDi Gropello, Emanuela | ||
| 245 | 1 | 0 | _aMonitoring educational performance in the Caribbean |
| 260 |
_aWashington, D.C. _bWorld Bank _c2003 |
||
| 350 | _a0.00 | ||
| 995 |
_D0.00 _FCBU-MAIN LIBRARY (Kitwe) _H1 _I0.00 _M1 _UAVAILABLE _ZInternational Publications |
||
| 999 |
_c51627 _d51627 |
||